[Event "NRW Class2 1819"]
[Site "Germany"]
[Date "2019.04.14"]
[Round "8.8"]
[White "Franz, Christian"]
[Black "Luebsen, Keno"]
[Result "1/2-1/2"]
[WhiteElo "2046"]
[BlackElo "2092"]
[PlyCount "81"]
[EventDate "2018.09.16"]
[EventType "team-tourn"]
[EventRounds "9"]
[EventCountry "GER"]
[SourceTitle "EXT 2022"]
[Source "ChessBase"]
[SourceDate "2021.10.06"]
[SourceVersion "1"]
[SourceVersionDate "2021.10.06"]
[SourceQuality "1"]
[WhiteTeam "Iserlohn Koenigsspringer"]
[BlackTeam "Godesberg"]
[WhiteTeamCountry "GER"]
[BlackTeamCountry "GER"]

1. c4 c6 2. Nc3 d5 3. cxd5 cxd5 4. d4 Nf6 5. Nf3 Nc6 6. Bf4 Bf5 7. Qb3 Na5 8. Qb5+ Bd7 9. Qd3 Rc8 10. Ne5 e6 11. a3 Be7 12. h4 0-0 13. h5 Nb3 14. Rd1 Qa5 15. Nxd7 Nxd7 16. Rh3 Rc4 17. Qc2 Nxd4 18. Rxd4 Rxd4 19. e3 Rxf4 20. exf4 Rc8 21. Qd2 Bf6 22. Nd1 Qc7 23. g4 Nc5 24. g5 Ne4 25. Qe3 Be7 26. Bd3 Bc5 27. Qf3 Bxf2+ 28. Nxf2 Qc1+ 29. Nd1 Qd2+ 30. Kf1 Rc1 31. Be2 Qxb2 32. Qd3 Qb6 33. Qe3 Qb1 34. Kg2 Rxd1 35. Qxa7 Kf8 36. Qb8+ Ke7 37. Qc7+ Ke8 38. Qc8+ Ke7 39. Qc7+ Ke8 40. Bxd1 Qxd1 41. Qc8+ 1/2-1/2

[Event "Mittelrhein Verbandsliga-S 18/19"]
[Site "Nordrheinwestfalen"]
[Date "2019.04.07"]
[Round "9.2"]
[White "Borriss, Claudia"]
[Black "Luebsen, Keno"]
[Result "1/2-1/2"]
[WhiteElo "2018"]
[BlackElo "2092"]
[PlyCount "120"]
[EventDate "2018.09.02"]
[EventType "team-tourn"]
[EventRounds "11"]
[EventCountry "GER"]
[SourceTitle "EXT 2022"]
[Source "ChessBase"]
[SourceDate "2021.10.06"]
[SourceVersion "1"]
[SourceVersionDate "2021.10.06"]
[SourceQuality "1"]
[WhiteTeam "Siebengebirge"]
[BlackTeam "Godesberg II"]
[WhiteTeamCountry "GER"]
[BlackTeamCountry "GER"]

1. d4 d5 2. Nf3 Nf6 3. g3 c5 4. Bg2 cxd4 5. Nxd4 e5 6. Nb3 h6 7. c4 Be6 8. Nc3 Bb4 9. 0-0 Bxc3 10. bxc3 Nc6 11. Nc5 b6 12. Nxe6 fxe6 13. Ba3 Na5 14. cxd5 exd5 15. e4 dxe4 16. Bxe4 Qxd1 17. Bg6+ Kd7 18. Rfxd1+ Kc6 19. Be7 Rac8 20. Bf5 Rc7 21. Bd6 Rb7 22. Bxe5 Re7 23. Bxf6 gxf6 24. Rd4 Re5 25. Be4+ Kc5 26. Bd3 Rd5 27. Rb1 Rxd4 28. Rb5+ Kc6 29. cxd4 Rd8 30. Rf5 Rd6 31. Bb5+ Kc7 32. d5 Kd8 33. Be2 Ke7 34. Bf3 Nc4 35. Rh5 Ne5 36. Be4 Nf7 37. f4 b5 38. Bg6 a5 39. Kf2 b4 40. g4 a4 41. Bc2 Ra6 42. Rh3 Kd6 43. Rd3 Kc5 44. Rd1 Nd6 45. h4 Ra7 46. g5 fxg5 47. fxg5 hxg5 48. hxg5 Rg7 49. g6 b3 50. axb3 axb3 51. Bxb3 Rxg6 52. Kf3 Rf6+ 53. Ke3 Nf5+ 54. Ke4 Kd6 55. Ra1 Ng3+ 56. Ke3 Ke5 57. Re1 Rf1 58. Rxf1 Nxf1+ 59. Kd3 Ng3 60. Kc4 Kd6 1/2-1/2

[Event "Mittelrhein Verbandsliga-S 18/19"]
[Site "Nordrheinwestfalen"]
[Date "2018.10.28"]
[Round "3.2"]
[White "Luebsen, Keno"]
[Black "Dreiocker, Andreas"]
[Result "1-0"]
[WhiteElo "2091"]
[BlackElo "1869"]
[PlyCount "53"]
[EventDate "2018.09.02"]
[EventType "team-tourn"]
[EventRounds "11"]
[EventCountry "GER"]
[SourceTitle "EXT 2022"]
[Source "ChessBase"]
[SourceDate "2021.10.06"]
[SourceVersion "1"]
[SourceVersionDate "2021.10.06"]
[SourceQuality "1"]
[WhiteTeam "Godesberg II"]
[BlackTeam "Bergische SF II"]
[WhiteTeamCountry "GER"]
[BlackTeamCountry "GER"]

1. d4 Nf6 2. c4 e5 3. dxe5 Ng4 4. Bf4 Nc6 5. Nf3 Bb4+ 6. Nbd2 Qe7 7. e3 Ngxe5 8. Nxe5 Nxe5 9. Be2 0-0 10. 0-0 Bxd2 11. Qxd2 d6 12. Rfd1 b6 13. Qd5 Rb8 14. b4 Bb7 15. Qd4 Rfe8 16. Rac1 f6 17. c5 dxc5 18. bxc5 Rbd8 19. Qc3 Rxd1+ 20. Bxd1 Bd5 21. cxb6 cxb6 22. a4 Rd8 23. Be2 Ng6 24. Bc7 Rc8 25. Ba6 Ra8 26. Rd1 Qe4 27. Rxd5 1-0

[Event "Mittelrhein Regionalliga 1718"]
[Site "Nordrheinwestfalen"]
[Date "2017.10.01"]
[Round "2.6"]
[White "Luebsen, Keno"]
[Black "Statz, Samuel"]
[Result "1/2-1/2"]
[WhiteElo "1990"]
[BlackElo "1952"]
[PlyCount "108"]
[EventDate "2017.09.10"]
[EventType "team-tourn"]
[EventRounds "9"]
[EventCountry "GER"]
[SourceTitle "EXT 2022"]
[Source "ChessBase"]
[SourceDate "2021.10.06"]
[SourceVersion "1"]
[SourceVersionDate "2021.10.06"]
[SourceQuality "1"]
[WhiteTeam "Godesberg II"]
[BlackTeam "Wuerselen"]
[WhiteTeamCountry "GER"]
[BlackTeamCountry "GER"]

1. d4 d5 2. c4 e6 3. Nf3 Be7 4. g3 Nf6 5. Bg2 0-0 6. 0-0 b6 7. cxd5 exd5 8. Bf4 Bb7 9. Nc3 Nh5 10. Bc1 Nf6 11. Qc2 Qc8 12. Ng5 h6 13. Nxd5 Bxd5 14. Bxd5 c6 15. Bxf7+ Rxf7 16. Nxf7 Kxf7 17. Kg2 Qe6 18. f3 c5 19. dxc5 Bxc5 20. Qb3 Qxb3 21. axb3 Nc6 22. Bd2 Rd8 23. Rfd1 Nd5 24. e4 Ne3+ 25. Bxe3 Rxd1 26. Rxd1 Bxe3 27. Rd6 Ne7 28. b4 Bc1 29. b3 Ba3 30. Rd7 Bxb4 31. Rxa7 Ke6 32. Rb7 Bc5 33. f4 Kd6 34. g4 Kc6 35. Ra7 Kb5 36. f5 Kb4 37. e5 Kxb3 38. f6 gxf6 39. exf6 Ng6 40. Rh7 Bf8 41. Rb7 Bc5 42. Kf3 Kc4 43. Ke4 b5 44. Kf5 Nh4+ 45. Ke6 Ng6 46. Kf5 Nh4+ 47. Ke6 Ng6 48. Kf7 Ne5+ 49. Kg7 Nxg4 50. f7 Ne5 51. Kxh6 Nxf7+ 52. Rxf7 b4 53. Rb7 b3 54. Rxb3 Kxb3 1/2-1/2

[Event "Mittelrhein Regionalliga 16/17"]
[Site "Nordrheinwestfalen"]
[Date "2017.04.30"]
[Round "11.5"]
[White "Schott, Helmut"]
[Black "Luebsen, Keno"]
[Result "0-1"]
[WhiteElo "1728"]
[BlackElo "1974"]
[PlyCount "76"]
[EventDate "2016.09.11"]
[EventType "team-tourn"]
[EventRounds "11"]
[EventCountry "GER"]
[SourceTitle "EXT 2022"]
[Source "ChessBase"]
[SourceDate "2021.10.06"]
[SourceVersion "1"]
[SourceVersionDate "2021.10.06"]
[SourceQuality "1"]
[WhiteTeam "Dormagen SV"]
[BlackTeam "Godesberg II"]
[WhiteTeamCountry "GER"]
[BlackTeamCountry "GER"]

1. Nf3 d5 2. g3 Nf6 3. Bg2 Bf5 4. 0-0 e6 5. d3 h6 6. Nbd2 Be7 7. Re1 Bh7 8. c4 c6 9. a3 a5 10. b3 0-0 11. Bb2 Nbd7 12. Bc3 Qb6 13. h3 Bd6 14. Bd4 c5 15. Bb2 d4 16. Nh2 e5 17. Rf1 Rae8 18. Ne4 Nxe4 19. Bxe4 Bxe4 20. dxe4 f5 21. exf5 e4 22. g4 Qc7 23. f4 Bxf4 24. Rf2 Bg3 25. Nf1 Bxf2+ 26. Kxf2 Qf4+ 27. Kg2 e3 28. Qe1 h5 29. Qg3 Qe4+ 30. Qf3 hxg4 31. hxg4 Qxf3+ 32. Kxf3 Ne5+ 33. Kf4 a4 34. Rc1 axb3 35. Ng3 b6 36. g5 Nf7 37. Rd1 Nd6 38. Rc1 Nxf5 0-1

[Event "Mittelrhein Regionalliga 16/17"]
[Site "Nordrheinwestfalen"]
[Date "2017.01.08"]
[Round "6.5"]
[White "Luebsen, Keno"]
[Black "Walter, Kurt"]
[Result "1/2-1/2"]
[WhiteElo "1974"]
[BlackElo "2081"]
[PlyCount "64"]
[EventDate "2016.09.11"]
[EventType "team-tourn"]
[EventRounds "11"]
[EventCountry "GER"]
[SourceTitle "EXT 2022"]
[Source "ChessBase"]
[SourceDate "2021.10.06"]
[SourceVersion "1"]
[SourceVersionDate "2021.10.06"]
[SourceQuality "1"]
[WhiteTeam "Godesberg II"]
[BlackTeam "Koeln SF II"]
[WhiteTeamCountry "GER"]
[BlackTeamCountry "GER"]

1. d4 Nf6 2. c4 e6 3. g3 d5 4. Nf3 Bb4+ 5. Bd2 Be7 6. Bg2 0-0 7. 0-0 c6 8. Qc2 Nbd7 9. Bf4 dxc4 10. Qxc4 Nd5 11. Bd2 c5 12. dxc5 Nxc5 13. Nc3 b6 14. Nxd5 exd5 15. Qc2 Bb7 16. Nd4 Ne4 17. Bh3 Nxd2 18. Qxd2 Bf6 19. Rfd1 Re8 20. e3 Re4 21. Bg2 Re8 22. a4 Qd7 23. a5 Rac8 24. axb6 axb6 25. Qb4 Bxd4 26. Rxd4 Qe6 27. Rad1 Rc5 28. Qd2 Qf5 29. Rf4 Qg6 30. b4 Rc2 31. Qd4 Rc4 32. Qd2 Rc2 1/2-1/2

[Event "Mittelrhein Regionalliga 15/16"]
[Site "Nordrheinwestfalen"]
[Date "2016.01.31"]
[Round "6.7"]
[White "Luebsen, Keno"]
[Black "Gramb, Marius"]
[Result "1-0"]
[WhiteElo "1966"]
[BlackElo "2115"]
[PlyCount "101"]
[EventDate "2015.09.27"]
[EventType "team-tourn"]
[EventRounds "9"]
[EventCountry "GER"]
[SourceTitle "EXT 2022"]
[Source "ChessBase"]
[SourceDate "2021.10.06"]
[SourceVersion "1"]
[SourceVersionDate "2021.10.06"]
[SourceQuality "1"]
[WhiteTeam "Godesberg III"]
[BlackTeam "Bruehl"]
[WhiteTeamCountry "GER"]
[BlackTeamCountry "GER"]

1. d4 Nf6 2. c4 c5 3. d5 e6 4. Nc3 exd5 5. cxd5 d6 6. g3 g6 7. Bg2 Bg7 8. Nf3 0-0 9. 0-0 Re8 10. Nd2 a6 11. a4 Nbd7 12. h3 Rb8 13. Nc4 Ne5 14. Na3 Nh5 15. e4 Qc7 16. g4 Nf6 17. f4 Nexg4 18. hxg4 Nxg4 19. Bh3 Bd4+ 20. Kg2 Nf2 21. Rxf2 Bxh3+ 22. Kxh3 Bxf2 23. Qf3 Bd4 24. Bd2 Qe7 25. Re1 b5 26. axb5 Bxc3 27. Bxc3 axb5 28. b4 Ra8 29. Bb2 cxb4 30. Nc2 Rac8 31. Nxb4 Rc4 32. Nc6 Qf8 33. Bf6 Qh6+ 34. Kg3 Qf8 35. e5 dxe5 36. fxe5 Qc5 37. Re3 h5 38. Ra3 Qg1+ 39. Kh3 g5 40. Ne7+ Kf8 41. Bg7+ Kxe7 42. Qf6+ Kd7 43. Qd6+ Kc8 44. Ra8+ Kb7 45. Qa6+ Kc7 46. Ra7+ Qxa7 47. Qxa7+ Kd8 48. Bf6+ Kc8 49. Qa8+ Kd7 50. Qb7+ Rc7 51. Qxb5+ 1-0

[Event "Niedersachsen-ch op-A"]
[Site "Verden"]
[Date "2015.01.02"]
[Round "2"]
[White "Gerland, Felix"]
[Black "Luebsen, Keno"]
[Result "1/2-1/2"]
[WhiteElo "2151"]
[BlackElo "1999"]
[PlyCount "37"]
[EventDate "2015.01.02"]
[EventType "swiss"]
[EventRounds "7"]
[EventCountry "GER"]
[SourceTitle "EXT 2018"]
[Source "ChessBase"]
[SourceDate "2017.10.13"]
[SourceVersion "1"]
[SourceVersionDate "2017.10.13"]
[SourceQuality "1"]

1. c4 c6 2. Nf3 d5 3. b3 Nf6 4. g3 Bf5 5. Bg2 e6 6. 0-0 Be7 7. Bb2 0-0 8. d3 h6 9. Nbd2 a5 10. Qc2 Bh7 11. Ne5 Na6 12. Ndf3 a4 13. Bc3 a3 14. cxd5 Nxd5 15. e4 Nab4 16. Bxb4 Nxb4 17. Qc4 Qa5 18. Rfe1 c5 19. Bh3 1/2-1/2

[Event "Oberliga Nord W 1314"]
[Site "Germany"]
[Date "2014.04.06"]
[Round "9.8"]
[White "Rust, Stephan"]
[Black "Luebsen, Keno"]
[Result "1/2-1/2"]
[WhiteElo "2197"]
[BlackElo "2013"]
[PlyCount "43"]
[EventDate "2013.10.13"]
[EventType "team-tourn"]
[EventRounds "9"]
[EventCountry "GER"]
[SourceTitle "EXT 2015"]
[Source "ChessBase"]
[SourceDate "2014.11.20"]
[SourceVersion "1"]
[SourceVersionDate "2014.11.20"]
[SourceQuality "1"]
[WhiteTeam "Hameln"]
[BlackTeam "Delmenhorst"]
[WhiteTeamCountry "GER"]
[BlackTeamCountry "GER"]

1. Nf3 d5 2. d4 Nf6 3. Bf4 c5 4. c3 Nc6 5. e3 Qb6 6. Qb3 c4 7. Qxb6 axb6 8. Nbd2 b5 9. a3 b4 10. cxb4 Nxb4 11. Rc1 Nc6 12. Ne5 Bd7 13. Be2 e6 14. 0-0 Be7 15. g4 h6 16. Nb1 h5 17. h3 hxg4 18. hxg4 Ne4 19. f3 Ng5 20. Kg2 Nxe5 21. Bxe5 f6 22. Bf4 1/2-1/2

[Event "Oberliga Nord W 1314"]
[Site "Germany"]
[Date "2013.10.13"]
[Round "1.8"]
[White "Luebsen, Keno"]
[Black "Seidler, Stefan"]
[Result "1/2-1/2"]
[WhiteElo "2013"]
[BlackElo "2100"]
[PlyCount "35"]
[EventDate "2013.10.13"]
[EventType "team-tourn"]
[EventRounds "9"]
[EventCountry "GER"]
[SourceTitle "EXT 2015"]
[Source "ChessBase"]
[SourceDate "2014.11.20"]
[SourceVersion "1"]
[SourceVersionDate "2014.11.20"]
[SourceQuality "1"]
[WhiteTeam "Delmenhorst"]
[BlackTeam "Lister Turm"]
[WhiteTeamCountry "GER"]
[BlackTeamCountry "GER"]

1. d4 g6 2. Nf3 Bg7 3. Bf4 d6 4. e3 Nf6 5. Be2 0-0 6. 0-0 Nc6 7. h3 h6 8. a4 Nd7 9. Bh2 e5 10. Na3 a6 11. dxe5 Ndxe5 12. Nd4 Bd7 13. c3 Ne7 14. Qb3 Rb8 15. Nc4 Nxc4 16. Bxc4 Nf5 17. Bd3 Qc8 18. Qd5 1/2-1/2

[Event "Bargteheide op"]
[Site "Bargteheide"]
[Date "2013.05.11"]
[Round "5"]
[White "Luebsen, Keno"]
[Black "Hess, Christian"]
[Result "0-1"]
[WhiteElo "1996"]
[BlackElo "2269"]
[PlyCount "90"]
[EventDate "2013.05.09"]
[EventType "swiss"]
[EventRounds "7"]
[EventCountry "GER"]
[SourceTitle "CBM 154 Extra"]
[Source "ChessBase"]
[SourceDate "2013.06.25"]
[SourceVersion "2"]
[SourceVersionDate "2013.06.25"]
[SourceQuality "1"]

1. d4 d5 2. Nf3 Nf6 3. c4 e6 4. g3 Be7 5. Bg2 0-0 6. 0-0 Nbd7 7. Qc2 c6 8. Nbd2 b6 9. e4 Ba6 10. e5 Ne8 11. Qa4 Qc8 12. Qc2 Nc7 13. b3 Qd8 14. Re1 Rc8 15. Bb2 c5 16. Rac1 b5 17. dxc5 Bxc5 18. Nd4 Nb8 19. Red1 bxc4 20. bxc4 Bxd4 21. Bxd4 Nb5 22. Bb2 Qa5 23. Qb3 Nc7 24. cxd5 Nxd5 25. Nc4 Bxc4 26. Rxc4 Rxc4 27. Qxc4 Nb6 28. Qb3 N8d7 29. Bc3 Qa6 30. Bf1 Qb7 31. Bb4 Rc8 32. Bd6 h6 33. a4 Nc5 34. Bxc5 Rxc5 35. Rd8+ Kh7 36. Qb1+ g6 37. Qb4 Qc7 38. Qh4 Qxe5 39. Qe7 Rc7 40. Qf8 Qg7 41. Qd6 Rc1 42. Rf8 Qf6 43. Qd2 Rb1 44. a5 Nc4 45. Qc2 Rb2 0-1

[Event "Oberliga Nord W 1213"]
[Site "Germany"]
[Date "2013.03.17"]
[Round "8.8"]
[White "Herrmann, Harald"]
[Black "Luebsen, Keno"]
[Result "0-1"]
[WhiteElo "2147"]
[BlackElo "1936"]
[PlyCount "98"]
[EventDate "2012.10.14"]
[EventType "team-tourn"]
[EventRounds "9"]
[EventCountry "GER"]
[SourceTitle "EXT 2014"]
[Source "ChessBase"]
[SourceDate "2013.11.20"]
[SourceVersion "1"]
[SourceVersionDate "2013.11.20"]
[SourceQuality "1"]
[WhiteTeam "Braunschweig Gliesmarode"]
[BlackTeam "Delmenhorst"]
[WhiteTeamCountry "GER"]
[BlackTeamCountry "GER"]

1. d4 d5 2. Nf3 Nf6 3. e3 Bf5 4. c4 c6 5. Qb3 Qb6 6. Nc3 e6 7. Be2 Be7 8. c5 Qc7 9. Qa4 Nbd7 10. b4 Ne4 11. Bb2 Bf6 12. Rc1 0-0 13. Qd1 e5 14. dxe5 Nxe5 15. Nd4 Nxc3 16. Bxc3 Bd7 17. 0-0 a6 18. Qc2 Ng4 19. Nf3 Ne5 20. h3 Rfe8 21. Nd4 g6 22. f4 Nc4 23. Bxc4 dxc4 24. e4 Rad8 25. e5 Bh4 26. Nf3 Bf5 27. Qb2 Bg3 28. Nh2 b5 29. cxb6 Qxb6+ 30. Kh1 Rd3 31. Be1 Bxe1 32. Rfxe1 Red8 33. Nf1 R8d4 34. Qf2 c3 35. Re2 Qxb4 36. Kh2 Rxf4 37. Qa7 Rh4 38. Qa8+ Kg7 39. Qxc6 Qf4+ 40. Kg1 Qd4+ 41. Kh1 Be6 42. Qxa6 Bd5 43. Qf6+ Kh6 44. Kh2 Qg4 45. Rcc2 Rdxh3+ 46. Kg1 Rh1+ 47. Kf2 Qxg2+ 48. Ke1 Rxf1+ 49. Qxf1 Qg3+ 0-1

[Event "Niedersachsen-ch op-A"]
[Site "Verden"]
[Date "2013.01.03"]
[Round "2"]
[White "Luebsen, Keno"]
[Black "Rux, Roland"]
[Result "1/2-1/2"]
[WhiteElo "1971"]
[BlackElo "1876"]
[PlyCount "124"]
[EventDate "2013.01.03"]
[EventType "swiss"]
[EventRounds "7"]
[EventCountry "GER"]
[SourceTitle "EXT 2014"]
[Source "ChessBase"]
[SourceDate "2013.11.20"]
[SourceVersion "1"]
[SourceVersionDate "2013.11.20"]
[SourceQuality "1"]

1. d4 Nf6 2. Nf3 g6 3. Bf4 Bg7 4. e3 c5 5. c3 b6 6. Be2 Ba6 7. Bxa6 Nxa6 8. 0-0 0-0 9. Qe2 Nc7 10. Nbd2 d6 11. h3 Ne6 12. Bh2 Qc8 13. a4 Qb7 14. Nc4 Rac8 15. Nfd2 Rfd8 16. Rfc1 Qa6 17. Qf1 Qb7 18. a5 Nc7 19. axb6 axb6 20. Nf3 Ra8 21. Bf4 h6 22. Qd1 Ncd5 23. Bh2 Rxa1 24. Rxa1 Rb8 25. Ra2 Ra8 26. Qa1 Rxa2 27. Qxa2 b5 28. Ncd2 c4 29. e4 Nb6 30. e5 dxe5 31. Bxe5 Na4 32. Nxc4 bxc4 33. Qxa4 Qxb2 34. Qxc4 Ne4 35. Qc8+ Kh7 36. Bxg7 Kxg7 37. Qc7 Nxc3 38. Qxe7 Qc1+ 39. Ne1 Qd2 40. Qe5+ Kg8 41. Nf3 Qd3 42. Qe3 Qc4 43. Kh2 Nd5 44. Qe8+ Kg7 45. Ne5 Qc7 46. g3 Nf6 47. Qc6 Qa7 48. Qc4 Qb7 49. Qc5 Qb2 50. Kg2 Qb7+ 51. Qc6 Qb3 52. Nd7 Nd5 53. Qd6 Ne3+ 54. fxe3 Qc2+ 55. Kf3 Qf5+ 56. Qf4 Qxd7 57. g4 Qd5+ 58. Qe4 Qb3 59. Qe5+ Kg8 60. d5 Qd1+ 61. Ke4 Qc2+ 62. Kd4 Qb2+ 1/2-1/2

[Event "Bad Harzburg op 13th"]
[Site "Bad Harzburg"]
[Date "2012.11.02"]
[Round "6"]
[White "Luebsen, Keno"]
[Black "Ramme, Christoph"]
[Result "1/2-1/2"]
[WhiteElo "1964"]
[BlackElo "2152"]
[PlyCount "110"]
[EventDate "2012.10.30"]
[EventType "swiss"]
[EventRounds "8"]
[EventCountry "GER"]
[SourceTitle "EXT 2014"]
[Source "ChessBase"]
[SourceDate "2013.11.20"]
[SourceVersion "1"]
[SourceVersionDate "2013.11.20"]
[SourceQuality "1"]

1. Nf3 d5 2. d4 e6 3. c4 c5 4. g3 Nc6 5. Bg2 dxc4 6. 0-0 cxd4 7. Qa4 Bd7 8. Qxc4 Qb6 9. Nbd2 Be7 10. Nb3 Bf6 11. Rd1 Rc8 12. Qc5 Qxc5 13. Nxc5 Rc7 14. Ne4 e5 15. e3 Bg4 16. h3 Bxf3 17. Bxf3 Be7 18. exd4 Nxd4 19. Bg2 Nf6 20. Be3 0-0 21. Bxd4 exd4 22. Rxd4 Rc2 23. Rd2 Rxd2 24. Nxd2 Rc8 25. b3 Rc2 26. Nc4 Bc5 27. Ne3 Bxe3 28. fxe3 b6 29. Bf1 Kf8 30. Bc4 Nd7 31. a4 Ne5 32. Bd5 a5 33. Rf1 Ke7 34. Rf2 Rxf2 35. Kxf2 Kd6 36. Be4 h6 37. Ke2 Kc5 38. Kd2 Kb4 39. Bd5 f6 40. Kc2 Kc5 41. Be4 Nf7 42. Kc3 Nd6 43. Bd3 f5 44. Bc2 g5 45. Bd3 Kd5 46. Kd2 Ke5 47. Bc2 Ne8 48. Bd1 Nd6 49. Bc2 Ne4+ 50. Bxe4 Kxe4 51. Ke2 h5 52. Kf2 Kd5 53. Kf3 Ke5 54. Ke2 Ke4 55. Kf2 Kd5 1/2-1/2

[Event "Bad Harzburg op 13th"]
[Site "Bad Harzburg"]
[Date "2012.11.01"]
[Round "5"]
[White "Noack, Reiner"]
[Black "Luebsen, Keno"]
[Result "1/2-1/2"]
[WhiteElo "2112"]
[BlackElo "1964"]
[PlyCount "96"]
[EventDate "2012.10.30"]
[EventType "swiss"]
[EventRounds "8"]
[EventCountry "GER"]
[SourceTitle "EXT 2014"]
[Source "ChessBase"]
[SourceDate "2013.11.20"]
[SourceVersion "1"]
[SourceVersionDate "2013.11.20"]
[SourceQuality "1"]

1. d4 d5 2. c4 c6 3. Nf3 Nf6 4. Qb3 Qb6 5. Nc3 dxc4 6. Qxc4 Bf5 7. g3 e6 8. Bg2 Be7 9. 0-0 0-0 10. Ne5 Nbd7 11. e4 Bg6 12. Be3 Qa5 13. Nxd7 Nxd7 14. a3 Rac8 15. Qe2 Rfd8 16. b4 Qc7 17. Rac1 Qb8 18. h4 h6 19. h5 Bh7 20. Bh3 Nf6 21. Bf4 Qa8 22. d5 cxd5 23. exd5 Rxc3 24. Rxc3 Nxd5 25. Rb3 Nxf4 26. gxf4 Bd6 27. Qe3 Qb8 28. f5 exf5 29. f4 Re8 30. Qd4 Re4 31. Qd5 Bxf4 32. Rd3 Be3+ 33. Kg2 Bb6 34. Bxf5 Bxf5 35. Rxf5 Re2+ 36. Kf1 Re6 37. Qd7 Rf6 38. Rxf6 gxf6 39. Qg4+ Kf8 40. Rc3 Qe5 41. Rc8+ Ke7 42. Qe2 Be3 43. Rc4 f5 44. Qd3 b6 45. Rc8 Qf4+ 46. Ke1 Qf2+ 47. Kd1 Qg1+ 48. Ke2 Qf2+ 1/2-1/2

[Event "Bad Harzburg op 13th"]
[Site "Bad Harzburg"]
[Date "2012.10.31"]
[Round "2"]
[White "Luebsen, Keno"]
[Black "Gabor, Gregor"]
[Result "0-1"]
[WhiteElo "1964"]
[BlackElo "2157"]
[PlyCount "149"]
[EventDate "2012.10.30"]
[EventType "swiss"]
[EventRounds "8"]
[EventCountry "GER"]
[SourceTitle "EXT 2014"]
[Source "ChessBase"]
[SourceDate "2013.11.20"]
[SourceVersion "1"]
[SourceVersionDate "2013.11.20"]
[SourceQuality "1"]

1. d4 Nf6 2. Nf3 e6 3. Nbd2 c5 4. e3 b6 5. Bd3 Ba6 6. Bxa6 Nxa6 7. c3 Be7 8. 0-0 0-0 9. Qe2 Qc8 10. e4 cxd4 11. Nxd4 d6 12. Nc4 Nxe4 13. Qxe4 Qxc4 14. Re1 Bf6 15. Nf3 Qxe4 16. Rxe4 Nc5 17. Re2 Na4 18. Re4 Nc5 19. Re2 Na4 20. Re4 b5 21. Rb1 Rfc8 22. Bd2 d5 23. Re2 Nc5 24. Be3 Na4 25. Bd4 Bxd4 26. Nxd4 a6 27. f4 Re8 28. Rd1 Nc5 29. Re3 Ne4 30. Ne2 g6 31. Ng3 Nd6 32. Kf2 Rac8 33. Red3 h5 34. Ne2 Nc4 35. Rb1 Nd6 36. Nd4 Ne4+ 37. Ke3 Rc4 38. g3 Rec8 39. Rbd1 Ra4 40. a3 Rac4 41. Rb1 Kf8 42. Rbd1 Ke7 43. Rb1 f6 44. Rbd1 Nd6 45. Nf3 Re4+ 46. Kf2 Ra4 47. Ra1 Rac4 48. Ke3 R4c7 49. Rb1 a5 50. Nd4 e5 51. Ne2 Ke6 52. Kf2 Ne4+ 53. Ke3 Nc5 54. Rd2 Na4 55. Rbd1 Nb6 56. Kf2 Rd7 57. Re1 Nc4 58. Rc2 Kf5 59. h3 Rcc7 60. Kf3 g5 61. g4+ Kg6 62. f5+ Kf7 63. Ng3 d4 64. cxd4 exd4 65. Rcc1 hxg4+ 66. hxg4 Ne5+ 67. Ke4 Rxc1 68. Rxc1 d3 69. Rd1 Nxg4 70. Nh1 d2 71. Kf3 Ne5+ 72. Ke2 Nc4 73. b3 Nxa3 74. Rxd2 Rxd2+ 75. Kxd2 0-1

[Event "Braunschweig Oker Cup"]
[Site "Braunschweig"]
[Date "2011.12.04"]
[Round "4"]
[White "Luebsen, Keno"]
[Black "Gruender, Michael"]
[Result "0-1"]
[WhiteElo "1888"]
[BlackElo "2024"]
[PlyCount "78"]
[EventDate "2011.12.02"]
[EventType "swiss"]
[EventRounds "5"]
[EventCountry "GER"]
[SourceTitle "EXT 2013"]
[Source "ChessBase"]
[SourceDate "2012.11.22"]
[SourceVersion "1"]
[SourceVersionDate "2012.11.22"]
[SourceQuality "1"]

1. d4 g6 2. Nf3 Bg7 3. Bf4 d6 4. h3 Nd7 5. e3 e5 6. Bh2 Ne7 7. Be2 0-0 8. 0-0 Nf5 9. c3 Re8 10. Nbd2 exd4 11. exd4 Nb6 12. Re1 Bd7 13. a4 Nh4 14. a5 Nd5 15. Bc4 Nxf3+ 16. Qxf3 c6 17. Bxd5 cxd5 18. Qxd5 Rxe1+ 19. Rxe1 Bc6 20. Qc4 Qxa5 21. Qe2 Qd5 22. f3 b5 23. b4 a5 24. bxa5 Rxa5 25. Qe4 b4 26. Qxd5 Rxd5 27. c4 Rxd4 28. Nb3 Rxc4 29. Bxd6 Rc3 30. Na5 Bf8 31. Bxf8 Kxf8 32. Nxc6 Rxc6 33. Rb1 Rb6 34. Rb3 Ke7 35. Kf2 Kd6 36. Ke3 Kc5 37. Kd3 Rd6+ 38. Kc2 Kc4 39. Re3 Re6 0-1

[Event "Braunschweig Oker Cup"]
[Site "Braunschweig"]
[Date "2011.12.03"]
[Round "2"]
[White "Lick, Patrick"]
[Black "Luebsen, Keno"]
[Result "1-0"]
[WhiteElo "2200"]
[BlackElo "1888"]
[PlyCount "49"]
[EventDate "2011.12.02"]
[EventType "swiss"]
[EventRounds "5"]
[EventCountry "GER"]
[SourceTitle "EXT 2013"]
[Source "ChessBase"]
[SourceDate "2012.11.22"]
[SourceVersion "1"]
[SourceVersionDate "2012.11.22"]
[SourceQuality "1"]

1. d4 d5 2. Nf3 Nf6 3. e3 Bf5 4. c4 c6 5. Nc3 e6 6. Nh4 Bg6 7. Be2 Ne4 8. Nxg6 hxg6 9. Qb3 Qc8 10. Nxe4 dxe4 11. Bd2 Bd6 12. h4 a5 13. Bc3 Nd7 14. 0-0-0 a4 15. Qc2 Nf6 16. g4 Qb8 17. h5 g5 18. f3 exf3 19. Bxf3 Kf8 20. Kb1 Be7 21. e4 Qf4 22. Qe2 Rd8 23. e5 Ne8 24. Be4 f5 25. Rdf1 1-0

[Event "Braunschweig Oker Cup"]
[Site "Braunschweig"]
[Date "2011.12.02"]
[Round "1"]
[White "Luebsen, Keno"]
[Black "Sander, Eckart"]
[Result "1-0"]
[WhiteElo "1888"]
[BlackElo "1314"]
[PlyCount "63"]
[EventDate "2011.12.02"]
[EventType "swiss"]
[EventRounds "5"]
[EventCountry "GER"]
[SourceTitle "EXT 2013"]
[Source "ChessBase"]
[SourceDate "2012.11.22"]
[SourceVersion "1"]
[SourceVersionDate "2012.11.22"]
[SourceQuality "1"]

1. d4 Nf6 2. Nf3 d5 3. e3 e6 4. Bd3 Be7 5. Nbd2 Nbd7 6. 0-0 b6 7. Ne5 Bb7 8. f4 0-0 9. Qf3 c5 10. c3 Nxe5 11. fxe5 Ne4 12. Nxe4 dxe4 13. Bxe4 Bxe4 14. Qxe4 cxd4 15. exd4 Rc8 16. Bd2 f6 17. exf6 Rxf6 18. Rxf6 Bxf6 19. Qxe6+ Kh8 20. Re1 h6 21. Bf4 Ra8 22. Qd6 Qc8 23. Re6 Qg8 24. Qc6 Rf8 25. Qe4 Qf7 26. g3 Bd8 27. Qg6 Qb7 28. Re8 Be7 29. Rxf8+ Bxf8 30. Qe8 Kg8 31. Bd6 Qf3 32. Qxf8+ 1-0